00609cam a22002411 4500001001300000003000400013005001700017008004100034010001700075035002000092040001800112042001200130050001900142100001300161245001800174260001100192300002600203440004200229500003500271500001200306700003200318999001700350sa 65003928 DLC20260227112126.0900214s1962 ii 000 0 sano  asa 65003928  a(OCoLC)21064375 aDLCcWaUdDLC apremarc00aPK3791.B4bA930 aBhāsa.10aAvimārakam. c[1962] a12, 2, 176 p.c19 cm. 0aVidyabhawan Sanskrit granthamala,v73 aIn Sanskrit; introd. in Hindi. aA play.1 aMiśra, Ramacandra,d1911- c63440d63440